000 00756nam a2200241 i 4500
001 000038104
003 DO-SdBNP
005 20240214100324.0
007 ta
008 110427s1945 dr 000 0 spa d
040 _aDO-SdBNP
_bspa
_cBNPHU
_erda
082 _222
_bR426c
110 _aRepública Dominicana.
_bDirección General de Estadística
_984770
245 1 _aCenso cartilla de instrucciones a los e numeradores
264 _aCiudad Trujillo, República Dominicana :
_bDirección General de Estadistica,
_c1945
300 _a23 paginas ;
_c26 cm.
336 _2rdacontent
_atexto
_btxt
337 _2rdamedia
_asin mediación
_bn
338 _2rdacarrier
_avolumen
_bnc
590 _aInventariado, 2024/ DG
910 _aDG
942 _2ddc
_cLF2
999 _c55659
_d55659